000 01416cam a2200349 a 4500
999 _c7197
_d7197
001 598591
003 GZU
005 20210505144014.0
008 910722s1992 nyu b 001 0 eng
010 _a 91027838
020 _a0195073851 (cloth : acidfree paper)
020 _a019507386X (paper : acidfree paper)
040 _aDLC
_cDLC
_dDLC
050 0 0 _aHQ1180 REI 1992
_b.R448 1992
082 0 0 _a301/.072
_220
100 1 _aReinharz, Shulamit.
245 1 0 _aFeminist methods in social research /
_cShulamit Reinharz with the assistance of Lynn Davidman.
260 _aNew York :
_bOxford University Press,
_c1992.
300 _aviii, 413 p. ;
_c24 cm.
500 _aIncludes bibliography
504 _aIncludes bibliographical references (p. 350-400) and index.
600 _2Social research
650 0 _aWomen's studies
_xMethodology.
650 0 _aFeminism
_xResearch
_xMethodology.
650 0 _aSocial sciences
_xResearch
_xMethodology.
700 1 _aDavidman, Lynn,
_d1955-
856 4 2 _3Publisher description
_uhttp://www.loc.gov/catdir/enhancements/fy0603/91027838-d.html
856 4 1 _3Table of contents only
_uhttp://www.loc.gov/catdir/enhancements/fy0603/91027838-t.html
906 _a7
_bcbc
_corignew
_d1
_eocip
_f19
_gy-gencatlg
942 _2lcc
_cBK
_h1180
_iREI
_kHQ